Countries Sharing 2 First and 2 Last Letters - Statistics

General Stats
  • This quiz has been taken 299 times
  • The average score is 10 of 25
Answer Stats
Answer % Correct
Australia
69%
Austria
69%
India
66%
Indonesia
64%
Algeria
56%
Albania
54%
United States
51%
Slovakia
48%
Slovenia
48%
Mauritania
46%
United Arab Emirates
44%
Malaysia
43%
Liberia
32%
Lithuania
31%
Macedonia
31%
Swaziland
31%
Switzerland
31%
Morocco
27%
Monaco
26%
Tajikistan
21%
Saudi Arabia
20%
Bosnia and Herzegovina
19%
Botswana
18%
Saint Lucia
18%
Taiwan
18%
No matching quizzes found
Score Distribution
Percent of People with Each Score
Percentile by Number Answered
Your Score History
You have not taken this quiz